00397nam a2200157Ia 45000010006000000050017000060080041000230410008000640820017000721000033000892450064001222600009001863000028001956500008002236540008002311847720260306171633.0260306s9999||||xx |||||||||||||| ||und|| aESP a658.406bD68 aDíaz Spataro, MarianaeAUT 0aOutsourcing:bguía práctica de técnicas y estrategias c2012 a154 páginas :c24 cm. aGEN aCAN